000 00418nam a2200157Ia 4500
008 230718s9999 xx 000 0 und d
041 _aeng
082 _a004.16
_bTAW
100 _aTawade P.P.
_9130410
245 _aIntroduction To Microprocessor Vol. I
260 _c1993
_bShree Publication
300 _a408
365 _cRs.
_b125.00
700 _aTawade P.P.
_9130410
906 _dB:85024-Nov-1993
_cETC
_b18.75
999 _c291548
_d291548